| 000 | 00472nam a2200157 4500 | ||
|---|---|---|---|
| 001 | 125766 | ||
| 003 | ES-MaACL | ||
| 007 | t| | ||
| 008 | 070214s1911 fr r ||||1| fre d | ||
| 100 | 1 |
_aRauh, Frederic. _995550 |
|
| 245 | 1 | 0 |
_aEtudes de morale / _cpar Frederic Rauh ; recueillies et publiƩes par H. Daudin [et. al.]. |
| 260 |
_aParis : _bEvreux Ch. Herissey, _c1911. |
||
| 300 |
_aXXV, 505 p. ; _c23 cm. |
||
| 700 | 1 |
_aDaudin, H. _942807 |
|
| 852 |
_aES-MaACL _jB-7042 |
||
| 999 |
_c125766 _d125766 |
||